|
|
|
|
| LEADER |
00000nam a2200000 a 4500 |
| 001 |
UCI4919 |
| 003 |
CL-VaPUC |
| 008 |
080307e20050000JA |||||||||||||||||eng|d |
| 020 |
|
|
|a 0804838429
|
| 020 |
|
|
|a 4805308869
|
| 082 |
0 |
4 |
|a 895.603
|b KAW
|2 21
|
| 100 |
0 |
|
|a Kawaguchi, Matsutaro
|e author
|9 527001
|
| 245 |
1 |
0 |
|a Mistress Oriku: stories from a Tokyo Teahouse
|
| 250 |
|
|
|a 1a. ed
|
| 300 |
|
|
|a 280 p
|
| 942 |
|
|
|c BK
|
| 945 |
|
|
|d 20080307 00:00:00
|a cmena
|
| 260 |
|
|
|a Tokio
|b Tuttle
|c 2005
|
| 650 |
|
7 |
|a NOVELAS JAPONESAS
|2 CL-VaPUC
|9 527002
|
| 650 |
|
0 |
|a Literatura japonesa
|9 266543
|
| 583 |
|
|
|a last modification
|c 20080307 00:00:00
|k Rodrigo Vera
|
| 999 |
|
|
|c 328750
|d 328748
|
| 952 |
|
|
|0 0
|1 0
|4 0
|6 895_603000000000000_KAW_2005
|7 0
|8 A
|9 412833
|a BIBGIM
|b BIBGIM
|d 2019-11-22
|i 441246K
|l 1
|o 895.603 KAW 2005
|p 441246K
|r 2025-01-15
|s 2023-10-25
|w 2019-11-22
|y BK
|k ORI
|